| 000 | 00687nam a2200241Ia 4500 | ||
|---|---|---|---|
| 003 | OSt | ||
| 005 | 20220918220000.0 | ||
| 006 | a|||||r|||| 00| 0 | ||
| 007 | ta | ||
| 008 | 220917b |||||||| |||| 00| 0 eng d | ||
| 024 | _a143,844 | ||
| 037 | _cTextual | ||
| 040 |
_aARTS _cARTS _beng |
||
| 041 |
_2eng _aeng |
||
| 082 | _aY17xM16, L0 | ||
| 100 |
_aBiddiss Michael D _9136095 |
||
| 245 | 0 |
_aFather of Racist ideology _b The social and political thought of count Gobineau |
|
| 260 |
_aLndon _bWeidenfeld and Nicolson UK _c1970 |
||
| 300 |
_a314p _ccm. |
||
| 650 | _aSOCIOLOGY | ||
| 942 |
_hY17xM16, L0 _cTEXL _2CC |
||
| 999 |
_c266758 _d266758 |
||